<?xml version="1.0" encoding="UTF-8"?>
<record
    xmlns:xsi="http://www.w3.org/2001/XMLSchema-instance"
    xsi:schemaLocation="http://www.loc.gov/MARC21/slim http://www.loc.gov/standards/marcxml/schema/MARC21slim.xsd"
    xmlns="http://www.loc.gov/MARC21/slim">

  <leader>00734nam a22002177a 4500</leader>
  <controlfield tag="005">20240312125714.0</controlfield>
  <datafield tag="010" ind1=" " ind2=" ">
    <subfield code="a">ENG-139550</subfield>
  </datafield>
  <datafield tag="020" ind1=" " ind2=" ">
    <subfield code="c">6475.00</subfield>
    <subfield code="a">9788181715654</subfield>
  </datafield>
  <datafield tag="035" ind1=" " ind2=" ">
    <subfield code="a">EN-123082</subfield>
  </datafield>
  <datafield tag="037" ind1=" " ind2=" ">
    <subfield code="b">DBAD/PUB</subfield>
  </datafield>
  <datafield tag="082" ind1=" " ind2=" ">
    <subfield code="a">577.6809541</subfield>
  </datafield>
  <datafield tag="100" ind1=" " ind2=" ">
    <subfield code="a">Chandra,Kailash</subfield>
    <subfield code="9">63143</subfield>
  </datafield>
  <datafield tag="245" ind1=" " ind2=" ">
    <subfield code="a">faunal Diversity of  Biogeographic Zones of India : /</subfield>
    <subfield code="c">By Kailash Chandra ...[et.al]</subfield>
    <subfield code="h">English </subfield>
  </datafield>
  <datafield tag="260" ind1=" " ind2=" ">
    <subfield code="a">kolkata</subfield>
    <subfield code="b"> Division by the Director, Zoological Survey of india,</subfield>
    <subfield code="c">March, 2021</subfield>
  </datafield>
  <datafield tag="270" ind1=" " ind2=" ">
    <subfield code="a">M-Block, New Alipore, Kolkata</subfield>
  </datafield>
  <datafield tag="300" ind1=" " ind2=" ">
    <subfield code="a">720p.</subfield>
    <subfield code="c">30cm(hbk)</subfield>
  </datafield>
  <datafield tag="700" ind1=" " ind2=" ">
    <subfield code="a">Kosygin, Laishram</subfield>
    <subfield code="9">62696</subfield>
  </datafield>
  <datafield tag="700" ind1=" " ind2=" ">
    <subfield code="a">Raghunathan, C</subfield>
    <subfield code="9">62697</subfield>
  </datafield>
  <datafield tag="700" ind1=" " ind2=" ">
    <subfield code="a">Gupta, Devanshu</subfield>
    <subfield code="9">62698</subfield>
  </datafield>
  <datafield tag="942" ind1=" " ind2=" ">
    <subfield code="2">ddc</subfield>
    <subfield code="c">EN</subfield>
    <subfield code="h">577.6809541</subfield>
    <subfield code="m">CHA</subfield>
  </datafield>
  <datafield tag="999" ind1=" " ind2=" ">
    <subfield code="c">201247</subfield>
    <subfield code="d">201247</subfield>
  </datafield>
  <datafield tag="952" ind1=" " ind2=" ">
    <subfield code="0">0</subfield>
    <subfield code="1">0</subfield>
    <subfield code="4">0</subfield>
    <subfield code="7">1</subfield>
    <subfield code="8">REF</subfield>
    <subfield code="a">AV</subfield>
    <subfield code="b">AV</subfield>
    <subfield code="d">2024-03-06</subfield>
    <subfield code="e">DBAD</subfield>
    <subfield code="g">6475.00</subfield>
    <subfield code="l">0</subfield>
    <subfield code="o">577.6809541 CHA</subfield>
    <subfield code="p">EN-123082</subfield>
    <subfield code="r">2024-03-06 00:00:00</subfield>
    <subfield code="t">1</subfield>
    <subfield code="v">6475.00</subfield>
    <subfield code="w">2024-03-06</subfield>
    <subfield code="y">EN</subfield>
  </datafield>
</record>
